| 000 | 01062nam a2200301 a 4500 | ||
|---|---|---|---|
| 003 | MX-MxUPN | ||
| 005 | 20240705063730.0 | ||
| 008 | 230220t2018 ag |||||rb||| 001 0 spa d | ||
| 020 | _a9789501297416 | ||
| 040 |
_aMX-MxUPN _bspa _cMX-MxUPN |
||
| 041 | 1 |
_aspa _heng |
|
| 050 | 1 | 4 |
_aHQ1190 _bB88 2018 |
| 100 | 1 |
_aButler, Judith, _d1956- _932052 |
|
| 245 | 1 | 0 |
_aCuerpos que importan : _bsobre los límites materiales y discursivos del "sexo" |
| 250 | _a1a edición. | ||
| 260 |
_aArgentina : _bPaidós, _c©2018, (reimpresión de 2022) |
||
| 300 | _a345 páginas | ||
| 504 | _aIncluye referencias bibliográficas e índice. | ||
| 500 | _aTraducción de: Bodies that matter. On the discursive limits of "sex". | ||
| 650 | 4 |
_aTeoría feminista _97707 |
|
| 650 | 4 |
_aRol sexual _xFilosofía _948099 |
|
| 650 | 4 |
_aDiferencias sexuales (Psicología) _912814 |
|
| 650 | 0 |
_aOrientación sexual _xFilosofía _948100 |
|
| 650 | 4 |
_aIdentidad (Psicología) _96603 |
|
| 902 |
_aMarisolLicea/200223 _bVíctor Ruiz/070323 |
||
| 942 |
_2lcc _cLIBRO |
||
| 999 |
_c209177 _d209177 |
||